The Correlation between Corruption and Culture in Relation to Several Economic Indicators
| Szerzők: | |
|---|---|
| Dokumentumtípus: | Könyv része |
| Megjelent: |
Budapesti Gazdaságtudományi Egyetem
Budapest
2025
|
| Sorozat: | Szemelvények a BGE kutatásaiból 2024
|
| Tárgyszavak: | |
| doi: | 10.29180/978-615-6886-21-7_13 |
| Kulcsszavak: | Corruption perception governance measurement |
| Online Access: | http://publikaciotar.uni-bge.hu/2576 |
MARC
| LEADER | 00000naa a2200000 i 4500 | ||
|---|---|---|---|
| 001 | publ2576 | ||
| 005 | 20251125131822.0 | ||
| 008 | 251125s2025 hu o 000 zxx d | ||
| 020 | |a 978-615-6886-21-7 | ||
| 024 | |a 10.29180/978-615-6886-21-7_13 |2 doi | ||
| 040 | |a BGE Publikációtár Repozitórium |b hun | ||
| 100 | 1 | |a Kerékgyártó Csaba | |
| 245 | 1 | 4 | |a The Correlation between Corruption and Culture in Relation to Several Economic Indicators |c Kerékgyártó Csaba |h [elektronikus dokumentum] |
| 260 | |a Budapesti Gazdaságtudományi Egyetem |b Budapest |c 2025 | ||
| 300 | |a 129-135 | ||
| 490 | 0 | |a Szemelvények a BGE kutatásaiból 2024 | |
| 650 | 4 | |a közgazdaságtudományok | |
| 695 | |a Corruption | ||
| 695 | |a perception | ||
| 695 | |a governance | ||
| 695 | |a measurement | ||
| 700 | 1 | |a Kása Richárd |e aut | |
| 700 | 1 | |a Réthi Gábor |e aut | |
| 856 | 4 | 0 | |u https://publikaciotar.uni-bge.hu/id/eprint/2576/1/BGE%20Szemelv%C3%A9nyek%202024%20III.%20k%C3%B6tet_13.pdf |z Dokumentum-elérés |